Instructors' Solution Manual Engineering mechanics. (Record no. 608700)
[ view plain ]
| 000 -LEADER | |
|---|---|
| fixed length control field | 01331cam a22003377i 4500 |
| 001 - CONTROL NUMBER | |
| control field | 21287607 |
| 005 - DATE AND TIME OF LATEST TRANSACTION | |
| control field | 20240321091233.0 |
| 008 - FIXED-LENGTH DATA ELEMENTS--GENERAL INFORMATION | |
| fixed length control field | 191102s2001 nju 001 0 eng d |
| 010 ## - LIBRARY OF CONGRESS CONTROL NUMBER | |
| LC control number | 2019304139 |
| 020 ## - INTERNATIONAL STANDARD BOOK NUMBER | |
| International Standard Book Number | 9780130200068 |
| Qualifying information | (hbk.) |
| 035 ## - SYSTEM CONTROL NUMBER | |
| System control number | (OCoLC)ocm47841466 |
| 040 ## - CATALOGING SOURCE | |
| Original cataloging agency | BOS |
| Language of cataloging | eng |
| Description conventions | rda |
| Transcribing agency | BOS |
| Modifying agency | OCLCQ |
| -- | OCL |
| -- | YDXCP |
| -- | CUY |
| -- | Y3N |
| -- | OCLCF |
| -- | I8M |
| -- | OCLCQ |
| -- | DLC |
| 042 ## - AUTHENTICATION CODE | |
| Authentication code | lccopycat |
| 050 00 - LIBRARY OF CONGRESS CALL NUMBER | |
| Classification number | TA350 |
| Item number | .H48 2001 |
| 082 04 - DEWEY DECIMAL CLASSIFICATION NUMBER | |
| Classification number | 620.105 |
| Edition number | 21 |
| Author Mark | HIB |
| 100 1# - MAIN ENTRY--PERSONAL NAME | |
| Personal name | Hibbeler, R. C., |
| Relator term | author. |
| 245 10 - TITLE STATEMENT | |
| Title | Instructors' Solution Manual Engineering mechanics. |
| Name of part/section of a work | Statics / |
| Statement of responsibility, etc. | R.C. Hibbeler. |
| 250 ## - EDITION STATEMENT | |
| Edition statement | 15th ed. |
| 260 ## - PUBLICATION, DISTRIBUTION, ETC. | |
| Place of publication, distribution, etc. | Upper Saddle River, New Jersey : |
| Name of publisher, distributor, etc. | Prentice-Hall, |
| Date of publication, distribution, etc. | [2001] |
| 300 ## - PHYSICAL DESCRIPTION | |
| Extent | xvi, 1169 pages ; |
| Dimensions | 25 cm |
| 336 ## - CONTENT TYPE | |
| Content type term | text |
| Content type code | txt |
| Source | rdacontent |
| 337 ## - MEDIA TYPE | |
| Media type term | unmediated |
| Media type code | n |
| Source | rdamedia |
| 338 ## - CARRIER TYPE | |
| Carrier type term | volume |
| Carrier type code | nc |
| Source | rdacarrier |
| 500 ## - GENERAL NOTE | |
| General note | HB |
| 650 #0 - SUBJECT ADDED ENTRY--TOPICAL TERM | |
| Topical term or geographic name entry element | Mechanics, Applied. |
| 650 #7 - SUBJECT ADDED ENTRY--TOPICAL TERM | |
| Topical term or geographic name entry element | Mechanics, Applied. |
| Source of heading or term | fast |
| Authority record control number or standard number | (OCoLC)fst01013489 |
| 9 (RLIN) | 122174 |
| 776 08 - ADDITIONAL PHYSICAL FORM ENTRY | |
| Relationship information | Online version: |
| Main entry heading | Hibbeler, R.C. |
| Title | Engineering mechanics. Statics & dynamics. |
| Edition | 9th ed. |
| Place, publisher, and date of publication | Upper Saddle River, N.J. : Prentice Hall, ©2001 |
| Record control number | (OCoLC)712561183 |
| 906 ## - LOCAL DATA ELEMENT F, LDF (RLIN) | |
| a | 7 |
| b | cbc |
| c | copycat |
| d | 2 |
| e | ncip |
| f | 20 |
| g | y-gencatlg |
| 942 ## - ADDED ENTRY ELEMENTS (KOHA) | |
| Source of classification or shelving scheme | |
| Koha item type | Book |
| Withdrawn status | Lost status | Source of classification or shelving scheme | Damaged status | Not for loan | Permanent Location | Current Location | Shelving location | Date acquired | Total Checkouts | Full call number | Barcode | Checked out | Date last seen | Date last checked out | Price effective from | Koha item type |
|---|---|---|---|---|---|---|---|---|---|---|---|---|---|---|---|---|
| School of Mechanical & Manufacturing Engineering (SMME) | School of Mechanical & Manufacturing Engineering (SMME) | Aerospace Engineering | 03/19/2024 | 1 | 620.105 HIB | SMME-4595 | 11/26/2025 | 07/29/2025 | 07/29/2025 | 03/19/2024 | Book |
